| 000 | 00344nam a2200133Ia 4500 | ||
|---|---|---|---|
| 005 | 20251222143305.0 | ||
| 008 | 251222s9999||||xx |||||||||||||| ||spa|| | ||
| 020 | _a978-612-4049-62-0 | ||
| 082 | _a340.1/F49 | ||
| 100 | _aFigueroa Gutarra, Edwin | ||
| 245 | 0 | _aLa Exigencia Constitucional del Deber de Motivar | |
| 264 | _bAdrus | ||
| 942 | _cLIB | ||
| 999 |
_c15493 _d15493 |
||